[Event "51st Canadian Open 2014"]
[Site "Montreal CAN"]
[Date "2014.07.20"]
[Round "2.15"]
[White "Zhang, Yuanchen"]
[Black "Vera Gonzalez-Quevedo, Reynaldo"]
[Result "1/2-1/2"]
[WhiteTitle "FM"]
[BlackTitle "GM"]
[WhiteElo "2170"]
[BlackElo "2468"]
[WhiteFideId "2611902"]
[BlackFideId "3500055"]
[EventDate "2014.07.19"]

1. d4 Nf6 2. c4 e6 3. Nc3 Bb4 4. e3 O-O 5. Ne2 d5 6. a3 Be7 7. cxd5 exd5 8. Nf4
c6 9. Bd3 Re8 10. O-O Nbd7 11. f3 Nf8 12. Bc2 Ne6 13. e4 dxe4 14. Nxe6 Bxe6 15.
fxe4 Bg4 16. Qd3 Bh5 17. Bf4 Bg6 18. Qd2 Qd7 19. e5 Nd5 20. Bb3 Red8 21. Bxd5
cxd5 22. Bg5 Bxg5 23. Qxg5 Rac8 24. h4 h6 25. Qg3 Rc4 26. Ne2 Be4 27. Rf2 Re8
28. Raf1 Re7 29. b3 Rc2 30. Nf4 Rxf2 31. Rxf2 Qc6 32. Nh5 Qg6 33. Qxg6 Bxg6 34.
Nf4 Be4 35. Re2 Rc7 36. Re3 Rc2 37. Ne2 Rd2 38. Kf2 Bd3 39. Ke1 Rxe2+ 40. Rxe2
Bxe2 41. Kxe2 Kf8 42. Ke3 1/2-1/2

[Event "51st Canadian Open 2014"]
[Site "Montreal CAN"]
[Date "2014.07.20"]
[Round "2.16"]
[White "Fleites Marti, Yuleikys"]
[Black "Sapozhnikov, Roman"]
[Result "1-0"]
[WhiteTitle "WIM"]
[BlackTitle "FM"]
[WhiteElo "2163"]
[BlackElo "2299"]
[WhiteFideId "3502759"]
[BlackFideId "2601842"]
[EventDate "2014.07.19"]

1. e4 c5 2. Nc3 a6 3. Nf3 d6 4. d4 cxd4 5. Nxd4 Nf6 6. Qd3 g6 7. Bg5 Bg7 8.
O-O-O O-O 9. Be2 b5 10. h4 h5 11. Qe3 Qc7 12. Nd5 Nxd5 13. exd5 Bb7 14. Bh6 Qd7
15. g4 hxg4 16. h5 Bxd5 17. hxg6 Bxh1 18. Bxg7 Nc6 19. Qh6 fxg6 20. Bxf8 e5 21.
Bxg4 1-0

[Event "51st Canadian Open 2014"]
[Site "Montreal CAN"]
[Date "2014.07.20"]
[Round "2.17"]
[White "Leveille, Francois"]
[Black "Tang, Edward"]
[Result "1-0"]
[WhiteTitle "FM"]
[WhiteElo "2281"]
[BlackElo "2161"]
[WhiteFideId "2600307"]
[BlackFideId "2610892"]
[EventDate "2014.07.19"]

1. e4 e5 2. Nf3 Nc6 3. d4 exd4 4. Nxd4 Bc5 5. Nxc6 Qf6 6. Qf3 bxc6 7. Nd2 d6 8.
Nb3 Qxf3 9. gxf3 Bb6 10. Rg1 g6 11. a4 a5 12. Bd2 f6 13. Bc4 Ne7 14. Bh6 d5 15.
Bd3 Kf7 16. Be3 Rb8 17. O-O-O Rd8 18. h4 Be6 19. Nc5 Bc8 20. c3 f5 21. Kc2 dxe4
22. fxe4 fxe4 23. Nxe4 Bxe3 24. fxe3 Nd5 25. Rg3 Kg7 26. h5 Bf5 27. hxg6 hxg6
28. Nc5 Kf6 29. e4 1-0

[Event "51st Canadian Open 2014"]
[Site "Montreal CAN"]
[Date "2014.07.20"]
[Round "2.19"]
[White "Villavieja, Butch"]
[Black "Kleinplatz, Sam"]
[Result "0-1"]
[BlackTitle "FM"]
[WhiteElo "2158"]
[BlackElo "2257"]
[WhiteFideId "5204461"]
[BlackFideId "616680"]
[EventDate "2014.07.19"]

1. e4 g6 2. d4 Bg7 3. Nc3 c6 4. Bc4 Nf6 5. e5 Nd5 6. Qf3 O-O 7. Nxd5 cxd5 8.
Bxd5 Nc6 9. c3 d6 10. exd6 e5 11. Ne2 exd4 12. cxd4 Qxd6 13. O-O Be6 14. Bxc6
bxc6 15. Be3 a5 16. Rfd1 Qb4 17. Rd2 Rfe8 18. Nc3 a4 19. a3 Qc4 20. Rc1 Rac8 21.
Qd1 Qb3 22. h3 Ra8 23. Qf3 Qb7 24. Qg3 Bb3 25. Qh4 f5 26. Bg5 Qf7 27. Be3 Rad8
28. Ne2 Rd6 29. Qg3 Red8 30. Bg5 R8d7 31. Bf4 Re6 32. Be3 Qe8 33. Qf3 Bd5 34.
Qg3 Bb3 35. Nf4 Re4 36. Ne2 Bd5 37. Rdd1 Rf7 38. Nf4 Bb3 39. Rd3 Bh6 40. Qh4 Bg7
41. Qg3 Rfe7 42. Kh2 Qd7 43. Rdc3 Bxd4 44. Rxc6 Be5 45. Kg1 Kf7 46. Qg5 Bd5 47.
R6c5 Bb7 48. Qh6 Kg8 49. Qg5 Qd6 50. Nh5 f4 51. Rxe5 R4xe5 52. Qxf4 gxh5 53.
Qg3+ Rg7 54. Qh4 Rxg2+ 55. Kf1 Qd3+ 0-1

[Event "51st Canadian Open 2014"]
[Site "Montreal CAN"]
[Date "2014.07.20"]
[Round "2.20"]
[White "Rey, Fabrice"]
[Black "Masse, Hugues"]
[Result "1/2-1/2"]
[WhiteElo "2152"]
[BlackElo "2202"]
[WhiteFideId "606820"]
[BlackFideId "2604264"]
[EventDate "2014.07.19"]

1. d4 Nf6 2. c4 g6 3. Nc3 d5 4. Bf4 Bg7 5. e3 c5 6. dxc5 Qa5 7. Rc1 dxc4 8. Bxc4
O-O 9. Nf3 Qxc5 10. Bb3 Qa5 11. O-O Nc6 12. h3 Bf5 13. Qe2 Ne4 14. g4 Nxc3 15.
bxc3 Bd7 16. Rfd1 Rad8 17. Rd5 Qa3 18. Rcd1 Be6 19. Rxd8 Nxd8 20. Qb5 Bxc3 21.
Bh6 Bg7 22. Bxg7 Kxg7 23. Qe5+ Kg8 24. Qc7 Bxb3 25. axb3 Ne6 26. Qxb7 Rd8 27.
Rxd8+ Nxd8 28. Qb8 Qa5 29. Ne5 Kg7 30. Nc4 Nc6 31. Nxa5 Nxb8 32. Kf1 Kf6 33. Ke2
Ke5 34. Kd3 Kd5 35. b4 f6 36. f4 a6 37. e4+ Kd6 38. Kc4 Nd7 39. Nb7+ Kc6 40.
Nd8+ Kd6 41. Nb7+ Kc6 42. Nd8+ Kd6 43. h4 e5 44. f5 Nb6+ 45. Kc3 gxf5 46. gxf5
Nd7 47. Ne6 Kc6 48. h5 Kb6 49. h6 Kc6 50. Kc4 Nb6+ 51. Kb3 Nd7 52. Ka3 Kb5 53.
Kb3 Kc6 54. Ka4 Kb6 55. Ng7 Nb8 56. Ne8 Nd7 57. Nd6 Kc7 58. Ne8+ Kb6 59. Ng7 Nb8
60. Nh5 Nd7 61. Ng3 Nb8 62. Nf1 Nc6 63. Ne3 Ne7 64. Nc4+ Kb7 65. Ne3 Kb6 66. Kb3
Kc6 67. Kc4 Kd6 68. Kc3 Kc7 69. Kb3 Kc6 70. Ka4 1/2-1/2

[Event "51st Canadian Open 2014"]
[Site "Montreal CAN"]
[Date "2014.07.20"]
[Round "2.21"]
[White "Cao, Jason"]
[Black "Tomb, Maroun"]
[Result "1-0"]
[WhiteTitle "FM"]
[WhiteElo "2177"]
[BlackElo "2147"]
[WhiteFideId "2611112"]
[BlackFideId "5300398"]
[EventDate "2014.07.19"]

1. e4 c5 2. Nf3 Nc6 3. d4 cxd4 4. Nxd4 g6 5. Nc3 Bg7 6. Be3 Nf6 7. Bc4 O-O 8.
Bb3 a5 9. O-O d6 10. f3 Nd7 11. Ndb5 b6 12. a4 Nc5 13. Bd5 Bd7 14. Qd2 Rc8 15.
Rad1 Nb4 16. b3 Ne6 17. Bc4 Nc5 18. Bg5 Be6 19. Nd5 Bxd5 20. exd5 Nxa4 21. c3
Na6 22. Na7 Rxc4 23. bxc4 Qc7 24. Nc6 e5 25. Qc2 N4c5 26. Rb1 Nb8 27. Nxb8 Rxb8
28. Rb5 Nd7 29. Qb3 e4 30. fxe4 Re8 31. Be3 Rxe4 32. Bxb6 Nxb6 33. Rxb6 Bxc3 34.
Rb8+ 1-0

[Event "51st Canadian Open 2014"]
[Site "Montreal CAN"]
[Date "2014.07.20"]
[Round "3.1"]
[White "Ghaem Maghami, Ehsan"]
[Black "Tiviakov, Sergei"]
[Result "1/2-1/2"]
[WhiteTitle "GM"]
[BlackTitle "GM"]
[WhiteElo "2586"]
[BlackElo "2656"]
[WhiteFideId "12500739"]
[BlackFideId "1008013"]
[EventDate "2014.07.19"]

1. d4 Nf6 2. c4 e6 3. Nf3 b6 4. g3 Bb4+ 5. Bd2 Be7 6. Bg2 c6 7. O-O d5 8. Bf4
Bb7 9. Nc3 O-O 10. Qb3 Nbd7 11. cxd5 cxd5 12. Rfc1 Nh5 13. Bd2 Nhf6 14. Bf4 Nh5
15. Bd2 Nhf6 16. Bf4 Nh5 1/2-1/2

[Event "51st Canadian Open 2014"]
[Site "Montreal CAN"]
[Date "2014.07.20"]
[Round "3.2"]
[White "Xiong, Jeffery"]
[Black "Moradiabadi, Elshan"]
[Result "1/2-1/2"]
[WhiteTitle "IM"]
[BlackTitle "GM"]
[WhiteElo "2441"]
[BlackElo "2593"]
[WhiteFideId "2047640"]
[BlackFideId "12501255"]
[EventDate "2014.07.19"]

1. e4 e5 2. Nf3 Nc6 3. d4 exd4 4. Nxd4 Nf6 5. Nxc6 bxc6 6. e5 Qe7 7. Qe2 Nd5 8.
c4 Nb6 9. Nc3 Qe6 10. Qe4 g6 11. Bd3 Bg7 12. c5 Nd5 13. f4 Nxc3 14. bxc3 Qd5 15.
Qxd5 cxd5 16. Rb1 f6 17. exf6 Bxf6 18. Kd2 O-O 19. Re1 a5 20. g3 Ba6 21. Bxa6
Rxa6 22. Kd3 Kf7 23. Be3 Re8 24. Bd4 Rxe1 25. Rxe1 Be7 26. f5 a4 27. fxg6+ hxg6
28. c4 dxc4+ 29. Kxc4 Ra8 30. Rf1+ Ke6 31. Re1+ Kf7 32. h4 Rb8 33. Rf1+ Ke6 34.
Re1+ Kf7 35. Rh1 Kg8 36. h5 gxh5 37. Rxh5 Kf7 38. Rh7+ Ke6 39. Rh6+ Kf5 40. Ra6
Rg8 41. Rxa4 Rxg3 42. Ra7 Ke6 43. Rxc7 Ra3 44. Rb7 1/2-1/2

[Event "51st Canadian Open 2014"]
[Site "Montreal CAN"]
[Date "2014.07.20"]
[Round "3.4"]
[White "Ruiz Sanchez, Orlen"]
[Black "Van Kampen, Robin"]
[Result "0-1"]
[WhiteTitle "IM"]
[BlackTitle "GM"]
[WhiteElo "2465"]
[BlackElo "2636"]
[WhiteFideId "3506231"]
[BlackFideId "1020854"]
[EventDate "2014.07.19"]

1. e4 c5 2. Nf3 Nc6 3. d4 cxd4 4. Nxd4 e6 5. Nc3 Qc7 6. Be3 a6 7. Qd2 Nf6 8.
O-O-O Bb4 9. f3 O-O 10. g4 b5 11. a3 Be7 12. h4 b4 13. axb4 Bxb4 14. h5 Rb8 15.
g5 Ne8 16. g6 Nxd4 17. Bxd4 e5 18. h6 exd4 19. hxg7 Nxg7 20. Qh6 fxg6 21. Rxd4
Qf4+ 22. Qxf4 Rxf4 23. Rxb4 Rxb4 24. Nd5 Rxf3 25. Nxb4 Ne6 26. Bc4 Kg7 27. Rd1
h5 28. Nd5 Bb7 29. Nb6 Nf8 30. Nxd7 Bxe4 31. Nc5 Ba8 32. Bxa6 h4 33. b4 h3 34.
Bb7 Bxb7 35. Nxb7 g5 36. b5 g4 37. Nc5 g3 38. b6 Rf7 39. Rd3 g2 40. Rg3+ Ng6 0-1

[Event "51st Canadian Open 2014"]
[Site "Montreal CAN"]
[Date "2014.07.20"]
[Round "3.8"]
[White "De Firmian, Nick E"]
[Black "Perez Rodriguez, Luis Manuel"]
[Result "1/2-1/2"]
[WhiteTitle "GM"]
[BlackTitle "GM"]
[WhiteElo "2509"]
[BlackElo "2387"]
[WhiteFideId "2000105"]
[BlackFideId "3503364"]
[EventDate "2014.07.19"]

1. e4 e5 2. Nf3 Nc6 3. Bb5 a6 4. Ba4 Nf6 5. O-O Be7 6. Re1 b5 7. Bb3 O-O 8. a4
Bb7 9. d3 Re8 10. Nbd2 Bf8 11. Nf1 h6 12. Ne3 Na5 13. Ba2 c5 14. Bd2 b4 15. c3
Rb8 16. Nc4 Nxc4 17. Bxc4 a5 18. Qb3 Re7 19. cxb4 axb4 20. a5 d6 21. Nh4 d5 22.
exd5 Bxd5 23. Be3 Ra7 24. a6 Rba8 25. Nf3 Rxa6 26. Rxa6 Rxa6 27. Nxe5 Re6 28.
Ng4 Bxc4 29. Nxf6+ Qxf6 30. dxc4 Qf5 31. Rd1 Rd6 32. h3 Qe4 33. Rxd6 1/2-1/2

[Event "51st Canadian Open 2014"]
[Site "Montreal CAN"]
[Date "2014.07.20"]
[Round "3.9"]
[White "Sevian, Samuel"]
[Black "Fleites Marti, Yuleikys"]
[Result "1-0"]
[WhiteTitle "IM"]
[BlackTitle "WIM"]
[WhiteElo "2464"]
[BlackElo "2163"]
[WhiteFideId "2040506"]
[BlackFideId "3502759"]
[EventDate "2014.07.19"]

1. d4 d5 2. Nf3 Nf6 3. g3 Bf5 4. Bg2 e6 5. O-O Nbd7 6. b3 Be7 7. c4 c6 8. Bb2 h6
9. Nfd2 O-O 10. Nc3 Bg6 11. Rc1 Qa5 12. a3 dxc4 13. Nxc4 Qa6 14. e4 Rfd8 15. Qe2
Nb6 16. Rfd1 Bh5 17. f3 Nfd7 18. g4 Bg6 19. f4 Re8 20. Qf2 Nxc4 21. bxc4 e5 22.
fxe5 Bg5 23. Rc2 Qxc4 24. Re1 Qe6 25. Bf3 Qe7 26. Rd1 Nb6 27. Be2 Nd5 28. exd5
Bxc2 29. d6 Qe6 30. Rf1 Rf8 31. h4 Bd8 32. Bf3 Qb3 33. Rc1 Bh7 34. Bd1 Qe6 35.
Na4 Bb6 36. Rc3 Be4 37. Re3 Bd5 38. Qf5 g6 39. Qf4 Kg7 40. Bc2 f6 41. Nc5 Bxc5
42. exf6+ Qxf6 43. Qxf6+ Rxf6 44. dxc5 g5 45. Re7+ Bf7 46. Bb3 Rf8 47. Bxf7 Rxf7
48. d7 Rxe7 49. Bxf6+ Kxf6 50. hxg5+ hxg5 51. d8=Q Kf7 52. Kf2 Re5 53. Qd7+ 1-0

[Event "51st Canadian Open 2014"]
[Site "Montreal CAN"]
[Date "2014.07.20"]
[Round "3.11"]
[White "Cheng, Bindi"]
[Black "Humphreys, Michael"]
[Result "1/2-1/2"]
[WhiteTitle "IM"]
[BlackTitle "FM"]
[WhiteElo "2410"]
[BlackElo "2129"]
[WhiteFideId "2682249"]
[BlackFideId "2607522"]
[EventDate "2014.07.19"]

1. Nf3 Nf6 2. g3 b6 3. Bg2 Bb7 4. O-O g6 5. c4 Bg7 6. Nc3 O-O 7. d4 Ne4 8. Nxe4
Bxe4 9. Be3 d6 10. Rc1 c5 11. b3 a6 12. Qd2 Nc6 13. d5 Bxf3 14. Bxf3 Ne5 15. Bg2
b5 16. Bf4 bxc4 17. Bxe5 Bxe5 18. Rxc4 a5 19. Ra4 Qc7 20. Rc1 Rfb8 21. Rcc4 Qd8
22. h4 Rb4 23. Qc2 Rab8 24. Bf3 Rxa4 25. Rxa4 Rb4 26. Rxb4 axb4 27. e3 h5 28.
Kg2 Kg7 29. Qe2 Qa5 30. Be4 Qa8 1/2-1/2

[Event "51st Canadian Open 2014"]
[Site "Montreal CAN"]
[Date "2014.07.20"]
[Round "3.12"]
[White "Kleinplatz, Sam"]
[Black "Perez Garcia, Rodney Oscar"]
[Result "1/2-1/2"]
[WhiteTitle "FM"]
[BlackTitle "IM"]
[WhiteElo "2257"]
[BlackElo "2357"]
[WhiteFideId "616680"]
[BlackFideId "3500918"]
[EventDate "2014.07.19"]

1. g3 d5 2. Bg2 Nf6 3. c4 c6 4. cxd5 cxd5 5. d4 Nc6 6. Nf3 Bg4 7. Ne5 Bf5 8. O-O
e6 9. Qa4 Qb6 10. Nxc6 bxc6 11. Nd2 Be7 12. Nb3 Bc2 13. Bd2 O-O 14. Rfc1 Bxb3
15. axb3 Rfc8 16. Ba5 Qb7 17. Rc3 Nd7 18. Rac1 Nb6 19. Qa1 g6 20. e3 Nd7 21. Qa4
Nb6 22. Qa1 Nd7 23. Qa4 Nb6 24. Qa1 1/2-1/2

[Event "51st Canadian Open 2014"]
[Site "Montreal CAN"]
[Date "2014.07.20"]
[Round "3.13"]
[White "Poulin, Maurice"]
[Black "Pina Vega, Sulennis"]
[Result "1/2-1/2"]
[BlackTitle "WGM"]
[WhiteElo "1989"]
[BlackElo "2317"]
[WhiteFideId "2603225"]
[BlackFideId "3503151"]
[EventDate "2014.07.19"]

1. e4 c5 2. Nf3 Nc6 3. Bb5 d6 4. O-O Bd7 5. Re1 Nf6 6. c3 a6 7. Bxc6 Bxc6 8. e5
dxe5 9. Nxe5 Qc7 10. d4 cxd4 11. Qxd4 e6 12. Nxc6 Qxc6 13. Be3 Be7 14. Qb6 Qxb6
15. Bxb6 O-O 16. Nd2 Nd5 17. Bd4 Rfd8 18. Rad1 b5 19. g3 Rac8 20. Kf1 Rd7 21.
Nb3 b4 22. Rc1 bxc3 23. Bxc3 Nxc3 24. Rxc3 Rxc3 25. bxc3 Rc7 26. Rc1 Kf8 27. Ke2
Ba3 28. Rc2 Ke7 29. c4 Bc5 30. Nxc5 Rxc5 31. Kd3 Kd6 32. Kc3 g5 33. Rd2+ Kc7 34.
g4 Re5 35. Kd3 Re1 36. Kd4 Kc6 37. Kc3 Re4 38. Rd4 Re2 39. Rd2 Re1 40. Kb4 Re4
41. h3 a5+ 42. Kb3 Rf4 43. Re2 Rf3+ 44. Ka4 h6 45. Kxa5 Kc5 46. a4 Rxh3 47. Re5+
Kxc4 48. Kb6 Rf3 49. Re4+ Kd5 50. Rb4 Rxf2 51. a5 Ra2 52. a6 Rxa6+ 53. Kxa6 f5
54. Rb5+ Ke4 55. Rb6 fxg4 56. Rxe6+ Kf5 57. Rxh6 g3 58. Rh1 Kg4 59. Kb5 g2 60.
Rb1 Kh3 61. Kc4 Kh2 62. Kd3 g4 63. Ke3 g1=Q+ 64. Rxg1 Kxg1 1/2-1/2

[Event "51st Canadian Open 2014"]
[Site "Montreal CAN"]
[Date "2014.07.20"]
[Round "3.15"]
[White "Vera Gonzalez-Quevedo, Reynaldo"]
[Black "Masse, Hugues"]
[Result "1-0"]
[WhiteTitle "GM"]
[WhiteElo "2468"]
[BlackElo "2202"]
[WhiteFideId "3500055"]
[BlackFideId "2604264"]
[EventDate "2014.07.19"]

1. Nf3 Nf6 2. c4 c5 3. d4 cxd4 4. Nxd4 e6 5. Nc3 Nc6 6. a3 Be7 7. e4 O-O 8. Nf3
Qc7 9. Be2 b6 10. O-O Bb7 11. Bg5 a6 12. Rc1 h6 13. Bh4 Nh5 14. Bxe7 Nxe7 15.
Re1 d6 16. Bf1 Nf6 17. b4 Rfd8 18. Nd4 Rac8 19. Qd2 Ng6 20. f3 Ne5 21. f4 Nc6
22. Nd5 exd5 23. cxd5 Qd7 24. dxc6 Bxc6 25. Bxa6 Bb7 26. Bb5 Qg4 27. Bc6 Bxc6
28. Nxc6 Rd7 29. h3 Qe6 30. Nd4 Qe8 31. Rxc8 Qxc8 32. Nf5 Qd8 33. Qc3 Kh7 34.
Qc6 d5 35. e5 Ne4 36. Rd1 g6 37. Ne3 d4 38. Qxe4 dxe3 39. Rxd7 Qxd7 40. Qxe3 b5
41. Kh2 h5 42. Qb6 Qd3 43. Qf6 Qc4 44. Kg3 Kg8 45. Kh4 Kh7 46. Kg5 Qa2 47. g4
Qd5 48. Qd6 Qc4 49. gxh5 gxh5 50. Qh6+ Kg8 51. Qxh5 f6+ 52. exf6 Qd5+ 53. Kh6 1-0

[Event "51st Canadian Open 2014"]
[Site "Montreal CAN"]
[Date "2014.07.20"]
[Round "3.16"]
[White "Plotkin, Victor"]
[Black "Zhang, Yuanchen"]
[Result "1-0"]
[WhiteTitle "FM"]
[BlackTitle "FM"]
[WhiteElo "2275"]
[BlackElo "2170"]
[WhiteFideId "2606674"]
[BlackFideId "2611902"]
[EventDate "2014.07.19"]

1. e4 e5 2. Nf3 Nc6 3. Bc4 Bc5 4. Nc3 Nf6 5. d3 d6 6. Na4 Bb6 7. Nxb6 axb6 8. c3
O-O 9. Bb3 Qe7 10. O-O Be6 11. Bc2 d5 12. exd5 Bxd5 13. Re1 Qd6 14. a3 Rfe8 15.
Nh4 Rad8 16. Bg5 h6 17. Bd2 e4 18. d4 Qd7 19. f4 Ne7 20. h3 h5 21. Qe2 Qe6 22.
Qf2 Nf5 23. Nxf5 Qxf5 24. Qh4 Bc4 25. Qg5 Qe6 26. f5 Qd5 27. Re3 h4 28. Qxh4
Qxf5 29. Rae1 c5 30. Rg3 Rd6 31. Bf4 Rde6 32. Be5 cxd4 33. Bxd4 Bd3 34. Bb3 Rc6
35. Bxf6 Rxf6 36. Rxd3 Qb5 37. Rg3 Rd6 38. Qg5 1-0

[Event "51st Canadian Open 2014"]
[Site "Montreal CAN"]
[Date "2014.07.20"]
[Round "3.17"]
[White "Zhou, Qiyu"]
[Black "Gentes, Kevin"]
[Result "0-1"]
[WhiteTitle "WCM"]
[BlackTitle "FM"]
[WhiteElo "2029"]
[BlackElo "2261"]
[WhiteFideId "505161"]
[BlackFideId "2601109"]
[EventDate "2014.07.19"]

1. e4 e5 2. Nf3 Nc6 3. Bb5 a6 4. Ba4 Nf6 5. O-O Be7 6. Re1 b5 7. Bb3 d6 8. c3
O-O 9. h3 Na5 10. Bc2 c5 11. d4 Qc7 12. d5 Bd7 13. Nbd2 c4 14. Nf1 Nb7 15. Ng3
g6 16. Bh6 Rfc8 17. Qd2 Ne8 18. Rf1 Nd8 19. Nh2 f6 20. Be3 Nf7 21. a4 Qb7 22. b4
cxb3 23. Bxb3 Bd8 24. a5 Bc7 25. f4 exf4 26. Rxf4 Bb8 27. Ne2 Ne5 28. Bd4 Ba7
29. Kh1 Qc7 30. Bxe5 fxe5 31. Rh4 Bf2 32. Rh6 Qc5 33. Nf1 Nf6 34. Qg5 Rf8 35.
Neg3 Qxc3 36. Rc1 Qxb3 37. Rc7 Bxg3 38. Nxg3 Rf7 39. h4 Raf8 40. h5 Ng4 0-1

[Event "51st Canadian Open 2014"]
[Site "Montreal CAN"]
[Date "2014.07.20"]
[Round "3.18"]
[White "Foisor, Sabina-Francesca"]
[Black "Rey, Fabrice"]
[Result "1-0"]
[WhiteTitle "WGM"]
[WhiteElo "2234"]
[BlackElo "2152"]
[WhiteFideId "1212915"]
[BlackFideId "606820"]
[EventDate "2014.07.19"]

1. d4 d5 2. c4 e6 3. Nc3 Bb4 4. a3 Bxc3+ 5. bxc3 b6 6. cxd5 exd5 7. e3 Nf6 8.
Bd3 O-O 9. Ne2 c5 10. O-O Ba6 11. dxc5 bxc5 12. Bxa6 Nxa6 13. c4 Nc7 14. Bb2
dxc4 15. Qc1 Rb8 16. Ra2 Rb6 17. Ba1 Ne6 18. Qxc4 Qd5 19. Qxd5 Nxd5 20. Rd2 Nf6
21. Bxf6 gxf6 22. h4 Rfb8 23. Rd7 Ra6 24. Ra1 Rb3 25. a4 Rb4 26. Nc3 Rc4 27. Ra3
Rxh4 28. f4 Ra5 29. Rb3 Nf8 30. Re7 Ng6 31. Rc7 a6 32. Rbb7 Nh8 33. g3 Rh5 34.
Kg2 Kg7 35. e4 c4 36. f5 Rg5 37. Rb8 1-0

[Event "51st Canadian Open 2014"]
[Site "Montreal CAN"]
[Date "2014.07.20"]
[Round "3.19"]
[White "Ramachandran, Karthik N"]
[Black "Rodriguez, Adrien"]
[Result "1-0"]
[WhiteElo "2153"]
[BlackElo "2203"]
[WhiteFideId "2005115"]
[BlackFideId "20691866"]
[EventDate "2014.07.19"]

1. d4 Nf6 2. c4 e6 3. Nc3 c5 4. d5 exd5 5. cxd5 Bd6 6. e4 O-O 7. Bd3 Re8 8. Nf3
Bc7 9. O-O d6 10. h3 a6 11. a4 Nbd7 12. Bf4 Nf8 13. Nd2 Ng6 14. Bh2 Rb8 15. f4
Bd7 16. Nf3 b5 17. e5 b4 18. Ne2 dxe5 19. Bxg6 e4 20. Bxf7+ Kxf7 21. Ne5+ Kg8
22. b3 Qe7 23. Rc1 Rbd8 24. Qc2 Nxd5 25. Qxe4 Nf6 26. Qc2 Bc8 27. Rfe1 Qe6 28.
Kh1 Bb7 29. Ng1 Nd5 30. Ngf3 Qh6 31. Qxc5 Bb6 32. Qc4 Rc8 33. Qe4 Ba8 34. Qf5
Nc7 35. Qf7+ Kh8 36. Qxe8+ Rxe8 37. Nf7+ Kg8 38. Nxh6+ gxh6 39. Rxe8+ Nxe8 40.
Rc8 Bxf3 41. Rxe8+ Kf7 42. Rb8 Ba7 43. Rc8 1-0

[Event "51st Canadian Open 2014"]
[Site "Montreal CAN"]
[Date "2014.07.20"]
[Round "3.20"]
[White "Sapozhnikov, Roman"]
[Black "Villavieja, Butch"]
[Result "1-0"]
[WhiteTitle "FM"]
[WhiteElo "2299"]
[BlackElo "2158"]
[WhiteFideId "2601842"]
[BlackFideId "5204461"]
[EventDate "2014.07.19"]

1. d4 Nf6 2. c4 g6 3. Nc3 Bg7 4. Nf3 O-O 5. Bg5 h6 6. Bh4 d6 7. e3 Nc6 8. d5 Nb8
9. Be2 Nbd7 10. Nd2 Ne5 11. Qc2 c5 12. O-O a6 13. Bg3 Ne8 14. h3 Nd7 15. a3 Ndf6
16. b4 b6 17. Rab1 Nd7 18. Rfc1 Ra7 19. Nb3 Ra8 20. Nd2 cxb4 21. axb4 a5 22.
bxa5 bxa5 23. Nb3 a4 24. Nd4 Nc5 25. Rb4 Bxd4 26. exd4 Nb3 27. Rd1 Bd7 28. Bf4
Kg7 29. Qb2 Nf6 30. c5 dxc5 31. dxc5 Nxc5 32. Qa3 Qa5 33. d6 e6 34. Be5 Rfc8 35.
Rf4 Nb3 36. Bxf6+ Kg8 37. Ne4 e5 38. Rh4 1-0

[Event "51st Canadian Open 2014"]
[Site "Montreal CAN"]
[Date "2014.07.20"]
[Round "3.21"]
[White "Tang, Edward"]
[Black "Tomb, Maroun"]
[Result "1/2-1/2"]
[WhiteElo "2161"]
[BlackElo "2147"]
[WhiteFideId "2610892"]
[BlackFideId "5300398"]
[EventDate "2014.07.19"]

1. d4 d6 2. e4 Nf6 3. Nc3 e5 4. Nf3 exd4 5. Qxd4 Be7 6. Bg5 O-O 7. O-O-O Be6 8.
Kb1 Nc6 9. Qd2 Nd7 10. Bf4 Nde5 11. Ng5 Bc4 12. Nd5 Bxf1 13. Rhxf1 Ng6 14. Nf3
Re8 15. Rfe1 Bf8 16. Bg3 Nce5 17. Bxe5 dxe5 18. Qc3 c6 19. Ne3 Qb6 20. Rd7 Rad8
21. Red1 Rxd7 22. Rxd7 Rd8 23. Rxd8 Qxd8 24. a3 Qc7 25. Nc4 Bc5 26. Qd3 b5 27.
Ne3 Qd6 28. Qxd6 Bxd6 29. b4 Nf4 30. g3 Ne6 31. c3 1/2-1/2

[Event "51st Canadian Open 2014"]
[Site "Montreal CAN"]
[Date "2014.07.21"]
[Round "4.1"]
[White "Tiviakov, Sergei"]
[Black "Xiong, Jeffery"]
[Result "1-0"]
[WhiteTitle "GM"]
[BlackTitle "IM"]
[WhiteElo "2656"]
[BlackElo "2441"]
[WhiteFideId "1008013"]
[BlackFideId "2047640"]
[EventDate "2014.07.19"]

1. e4 c5 2. Nf3 d6 3. Bb5+ Bd7 4. Bxd7+ Qxd7 5. c4 Nf6 6. Nc3 g6 7. d4 cxd4 8.
Nxd4 Bg7 9. f3 Qc7 10. b3 Qa5 11. Bb2 O-O 12. O-O Nc6 13. Nce2 Rfd8 14. Kh1 Rac8
15. Bc3 Qc7 16. Qd2 b6 17. Rad1 a6 18. a4 Na5 19. Qb2 Qb7 20. Rfe1 Nh5 21. Nc2
Nc6 22. Bxg7 Nxg7 23. Nc3 Na7 24. Nd5 b5 25. cxb5 axb5 26. a5 Nc6 27. b4 Ne8 28.
Nb6 Rc7 29. Nd4 Nxd4 30. Qxd4 Rc6 31. Rc1 Rb8 32. Qd5 Rxb6 33. axb6 Qxb6 34.
Red1 Qe3 35. Ra1 h5 36. Qd4 Qg5 37. Qa7 Rd8 38. Rd5 Qf6 39. Qd4 e5 40. Qb6 h4
41. h3 Rc8 42. Qxb5 Ng7 43. Qd3 Nh5 44. Rxd6 Qg5 45. Qd2 Nf4 46. b5 Rc3 47. Rb1
Rxf3 48. gxf3 Qg3 49. Rd3 Nxd3 50. Qg2 Qf4 51. b6 Nc5 52. b7 Nxb7 53. Rxb7 Qc1+
54. Qg1 Qc3 55. Qf1 1-0

[Event "51st Canadian Open 2014"]
[Site "Montreal CAN"]
[Date "2014.07.21"]
[Round "4.3"]
[White "Van Kampen, Robin"]
[Black "Ghaem Maghami, Ehsan"]
[Result "1-0"]
[WhiteTitle "GM"]
[BlackTitle "GM"]
[WhiteElo "2636"]
[BlackElo "2586"]
[WhiteFideId "1020854"]
[BlackFideId "12500739"]
[EventDate "2014.07.19"]

1. e4 e5 2. Nf3 Nc6 3. Bb5 a6 4. Ba4 Nf6 5. O-O Be7 6. Re1 b5 7. Bb3 d6 8. c3
O-O 9. h3 Bb7 10. d4 Re8 11. Nbd2 Bf8 12. a3 h6 13. d5 Nb8 14. Nh2 Nbd7 15. Qf3
a5 16. Ndf1 Nc5 17. Ba2 b4 18. cxb4 axb4 19. Ng3 bxa3 20. b4 Ncd7 21. Bb3 c6 22.
dxc6 Bxc6 23. Bxa3 Ba4 24. Ba2 g6 25. Bc1 Qe7 26. Ng4 Nxg4 27. Qxg4 Kh7 28. Qf3
Nf6 29. Bd2 Bg7 30. Qd3 Qd7 31. Bc4 Rab8 32. Bxf7 Rec8 33. Be6 Qxe6 34. Rxa4 Qc4
35. Qe3 Qd4 36. Ra7 Kg8 37. Ra6 Qxe3 38. Rxe3 Rc2 39. Rxd6 Ne8 40. Rd7 Nf6 41.
Rdd3 Bf8 42. Bc3 Rb5 43. Re1 h5 44. Nf1 Ra2 45. Rf3 Nh7 46. h4 Be7 47. g3 Nf6
48. Nd2 Ng4 49. Rb1 Rb8 50. Rd3 Bd8 51. f3 Bb6+ 52. Kf1 Nf2 53. Rd6 Rc8 54. Ra1
Rxa1+ 55. Bxa1 Rc1+ 56. Ke2 Bc7 57. Rxg6+ Kf7 58. Ra6 Nh1 59. g4 Ke7 60. g5 Rg1
61. Bc3 Rc1 62. Rc6 Kd7 63. b5 1-0